I Knew It, I Know You - Gracie Abrams (All Lyrics) - Statistics

General Stats
  • This quiz has been taken 4 times
  • The average score is 296 of 331
Answer Stats
Lyrics % Correct
a
100%
about
100%
ages
100%
all
100%
An
100%
and
100%
And
100%
apologies
100%
at
100%
baby
100%
But
100%
but
100%
by
100%
called
100%
can't
100%
changed
100%
cheered
100%
did
100%
faced
100%
fact
100%
for
100%
God,
100%
had
100%
have
100%
haven't
100%
heard,
100%
heard
100%
how
100%
I
100%
I'd
100%
I'm
100%
in
100%
it
100%
it,
100%
It
100%
It's
100%
I've
100%
knew
100%
know
100%
let
100%
lived
100%
lost,
100%
lot,
100%
loved
100%
me,
100%
me?
100%
me
100%
mean
100%
my
100%
never
100%
not
100%
of
100%
on
100%
plans,
100%
plans
100%
pretend
100%
pretty
100%
rain
100%
sad
100%
So,
100%
sorry,
100%
sorry
100%
sure,
100%
swear
100%
that
100%
the
100%
think
100%
thought
100%
to
100%
to,
100%
understand,
100%
was
100%
we
100%
We
100%
When
100%
when
100%
write
100%
you
100%
you,
100%
You
100%
your
100%
almost
75%
alone
75%
aren't
75%
blow
75%
both
75%
calm
75%
consider
75%
could
75%
dark
75%
do
75%
don't
75%
down
75%
Down
75%
(down,
75%
down)
75%
(down)
75%
(Down,
75%
(Down)
75%
down,
75%
each
75%
earnestly
75%
empty
75%
entertainment
75%
even
75%
ever
75%
fault
75%
feel
75%
from
75%
get
75%
ground,
75%
hard
75%
house,
75%
how's
75%
idea,
75%
if
75%
is
75%
just
75%
killed
75%
kinda
75%
loud,
75%
loudest
75%
night,
75%
noise
75%
now?
75%
now
75%
or
75%
other
75%
out
75%
outside
75%
place
75%
planet?
75%
really
75%
right
75%
sit
75%
sorta
75%
stand
75%
talk,
75%
thing
75%
told
75%
trophies
75%
Until
75%
waited
75%
wanted
75%
weather
75%
Well,
75%
what
75%
with
75%
won
75%
would
75%
wrong
75%
you'd
75%
cry
50%
daily?
50%
deal
50%
makes
50%
meet
50%
sometimes,
50%
step
50%
that's
50%
wanna
50%
yourself
50%
No matching quizzes found
Score Distribution
Percent of People with Each Score
Percentile by Number Answered
Your Score History
You have not taken this quiz